00673 a2200205 45000010006000000050017000060080041000230030015000640400040000790800057001192450026001762640030002023000017002325050123002499420007003725900036003791000018004157000019004339990015004523685820260407155640.0260407a arg spa d AR-UNSa-BCEJYS aAR-UNSa-BCEJYSbspacAR-UNSa-BCEJYS a658.5xPlanificación y control de la producción 10aLa gerencia operativa 1aBuenos Aires :bEl Ateneo a3 v.c20 cm. aVol. I: Modelos de decisión -- Vol. II: Sistemas de producción -- Vol. III: Planeamiento y control de producción cBK aniveau_biblio:m niveau_hierar:01 aMuth, John F.1 aGroff, Gene K. c2681d2681